Lao động nhập cư ở Thành phố Hồ Chí Minh - Hiện trạng và những vấn đề đặt ra

Na minha lista:
Detalhes bibliográficos
Autor principal: Đặng, Ngọc Hoàng
Formato: Livro
Idioma:Undetermined
Assuntos:
Acesso em linha:http://lrc.tdmu.edu.vn/opac/search/detail.asp?aID=2&ID=22849
Tags: Adicionar Tag
Sem tags, seja o primeiro a adicionar uma tag!
Thư viện lưu trữ: Trung tâm Học liệu Trường Đại học Thủ Dầu Một
LEADER 00704nam a2200145Ia 4500
001 TDMU_22849
008 210410s9999 xx 000 0 und d
082 |a 307.2 
100 |a Đặng, Ngọc Hoàng 
245 0 |a Lao động nhập cư ở Thành phố Hồ Chí Minh - Hiện trạng và những vấn đề đặt ra 
245 0 |c Đặng Ngọc Hoàng 
300 |a Tr.64-64 
650 |a Lao động nhập cư; Thành phố Hồ Chí Minh ; Thực trạng; Hiện trạng nhập cư; Chính trị xã hội 
856 |u http://lrc.tdmu.edu.vn/opac/search/detail.asp?aID=2&ID=22849 
980 |a Trung tâm Học liệu Trường Đại học Thủ Dầu Một